000 00276nam a2200109Ia 4500
008 231120s2010 xx 000 0 und d
041 _aeng
100 _aMARIA FERNANDA CANAL
245 _aWATERCOLOUR CREATIVE TECHNIQUES
260 _aBARRONS
_bBARRONS
_c2010
300 _aH-143
999 _c933474
_d933474